Kendrick Lamar - DNA. (Lyrics) - Statistics

General Stats
  • This quiz has been taken 76 times
  • The average score is 364 of 677
Answer Stats
Answer % Correct
DNA
100%
DNA)
100%
go
100%
got,
100%
got
100%
I
100%
I-
100%
in
98%
inside
98%
my
98%
My
98%
royalty
94%
a
93%
a,
93%
Loyalty,
93%
loyalty,
93%
an
87%
and
83%
And
83%
You
78%
you
78%
you,
78%
me
76%
peace
74%
Peace
74%
so
72%
the
72%
The
72%
war
72%
Cocaine
70%
piece,
70%
power,
70%
quarter
67%
this,
67%
this
67%
This
67%
(This
67%
like
63%
to
63%
to,
63%
your
63%
Your
63%
pain,
61%
Tell
61%
tell
61%
fuck
59%
not
59%
we
59%
Bitch,
57%
(I'm
57%
I'm
57%
is
57%
is,
57%
poison,
57%
that
57%
When
57%
when
57%
be-,
56%
be
56%
can't
56%
was
56%
for
54%
just
54%
Motherfucker,
54%
on
54%
on,
54%
shit
54%
Shit
54%
then
54%
have
52%
it
52%
joy
52%
flow
50%
nothing
50%
see
50%
See,
50%
who
50%
don't
48%
kill
48%
of
48%
somethin'
48%
ambition
46%
hustle,
46%
abomination
44%
born
44%
Born
44%
Money
44%
money,
44%
murder,
44%
nine,
44%
nine
44%
done
43%
it's
43%
know
43%
perform
43%
than
43%
what
43%
win
43%
Yeah,
43%
yeah,
43%
At
41%
at
41%
off
41%
off,
41%
put
41%
rot
41%
all
39%
are
39%
been
39%
heritage
39%
heritage,
39%
I've
39%
kids
39%
more
39%
say
39%
though,
39%
why
39%
again,
37%
bed
37%
dead
37%
fucking
37%
gon'
37%
has
37%
head
37%
hop
37%
out
37%
serve
37%
you's
37%
ain't
35%
hip
35%
imitation
35%
meditate,
35%
prolly
35%
Sex,
35%
shine
35%
transform
35%
Wimbledon,
35%
cause
33%
extrovert
33%
heart
33%
listen
33%
Realness,
33%
second
33%
stay
33%
switch
33%
weapon
33%
African
31%
antisocial
31%
contemplate,
31%
conviction,
31%
damage
31%
die
31%
heard
31%
how
31%
nowhere
31%
our
31%
rather
31%
rich
31%
truth,
31%
with
31%
years)
31%
Americans
30%
beast,
30%
buildin'
30%
didn't
30%
engine
30%
grade
30%
immaculate
30%
millions,
30%
motherfuckers
30%
new
30%
one
30%
one)
30%
supposed
30%
through
30%
twenty-
30%
young
30%
conception
28%
Dodgin'
28%
estate
28%
expertise
28%
fathers
28%
gonna
28%
Gonna
28%
I'd
28%
let
28%
racism
28%
recent
28%
riches
28%
son
28%
these
28%
These
28%
tire
28%
up
28%
well,
28%
bird
26%
boosters,
26%
boulevard
26%
cartwheel
26%
Daddy
26%
four,
26%
Four
26%
front
26%
goin'
26%
him
26%
knows
26%
life,
26%
life
26%
Matrix
26%
never
26%
offend
26%
Problem
26%
Salute
26%
way
26%
way,
26%
wish
26%
work,
26%
work
26%
world,
26%
bullets,
24%
burners,
24%
case
24%
checked
24%
Earth
24%
evil
24%
fireworks
24%
from
24%
his
24%
hit
24%
most
24%
motel,
24%
oldest
24%
Only
24%
Paparazzi,
24%
Redemption,
24%
rotate
24%
snitched,
24%
soldier's
24%
sound
24%
sucker
24%
that's
24%
tolerate
24%
troublesome
24%
without
24%
ballers,
22%
belt
22%
Eat
22%
exist,
22%
forgiveness
22%
here
22%
jellyfish,
22%
live
22%
Look
22%
number
22%
power's
22%
reapin'
22%
scholars,
22%
ten
22%
better
20%
burglars,
20%
fed
20%
(Five,
20%
hormones
20%
lot
20%
mean
20%
plead
20%
prophets
20%
reason
20%
since
20%
sky,
20%
three,
20%
times,
20%
two,
20%
Baby
19%
cameras
19%
conversate
19%
extra
19%
godfather
19%
level
19%
mecca
19%
nerve
19%
outside
19%
pedigree
19%
Yeshua
19%
Backbone
17%
compromise,
17%
definitely
17%
enough
17%
fate
17%
fate,
17%
hammer
17%
inheritin'
17%
Paula's
17%
Phone
17%
pool,
17%
sick
17%
skrrt
17%
sow
17%
absentness
15%
Corvette
15%
dark,
15%
destruction
15%
fakes
15%
gauge
15%
Grammy,
15%
Lord
15%
marble
15%
marriages
15%
Nazareth
15%
struck
15%
ticket
15%
body
13%
breaks
13%
Diamond
13%
faith
13%
peekin'
13%
penetrate
13%
pull
13%
skate
13%
stackin'
13%
Watchin'
13%
window,
13%
window
13%
yourself
13%
ceilin',
11%
excellent
11%
freakin'
11%
livin'
11%
pessimists
11%
sale
11%
Sippin'
11%
villa
11%
winners
11%
Daughters,
9%
floors
9%
footage,
9%
goals
9%
killings
9%
Nirvana
9%
plate
9%
sleepin'
9%
snakes,
9%
walkin'
9%
curvin'
7%
dice,
7%
Monday,
7%
rollin'
7%
sandals
7%
several
7%
wearin'
7%
Yoga
7%
Beach
6%
Brock
6%
Sentence
6%
stretchin'
6%
No matching quizzes found
Score Distribution
Percent of People with Each Score
Percentile by Number Answered
Your Score History
You have not taken this quiz